00655nam a2200181Ia 4500952016700000999001700167003000400184005001700188008004100205020001800246040000900264082002200273100002800295245005100323260004000374300000900414942005000423 00102ddc40708SOCIAL SCIENCEaMESbMEScSOCIAL SCIENCEd2019-02-20g475.00l2o301.440954 KOL/Cp34746r2019-12-20 00:00:00s2019-12-19w2019-02-20yBKzGL50R2 c21384d21384OSt20200615130206.0190216s9999||||xx |||||||||||||| ||und|| a9788170333555 coclc a301.440954bKOL/C aKolenda, Pauline 92901 0aCaste In Contemporary India /cPauline Kolenda bRawat Publications,c2006.aJaipur: a181p cBK2ddch301.440954iKOL/Ck301.440954mKOL/C